000 00440nam a2200169 a 4500
001 51592
005 20180714041112.0
008 140415s1970 000 0 spa d
041 _aspa
082 _a370
_bPOP
100 1 _aPopham, W. James,.
245 1 0 _aPLANEAMIENTO DE LA ENSEƑANZA
260 _a[s.l.] :
_bPAIDOS,
_c1970
300 _a136
650 1 4 _aPLANIFICACION EDUCATIVA
700 1 _aBAKER, EVA L.
_ecoaut.
999 _c51592
_d51592